The last prairie a sandhills journal

Đã lưu trong:
Sonraí Bibleagrafaíochta
Formáid: Leabhar
Clibeanna: Cuir Clib Leis
Gan Chlibeanna, Bí ar an gcéad duine leis an taifead seo a chlibeáil!
Thư viện lưu trữ: Mạng thư viện Đại học Đà Nẵng
LEADER 00425nam a22001691a 4500
001 000040712
003 17007
005 20160412023256.0
008 160412s0 000
082 |a A23247-48 
245 |a The last prairie a sandhills journal  |c Stephen R.Jones 
OWN |a LNN 
999 |a From the UDN01 
TYP |a Monograph 
980 |a Mạng thư viện Đại học Đà Nẵng